[Event "24. Torneo San Viator"]
[Site "Madrid ESP"]
[Date "2015.03.22"]
[Round "1.26"]
[White "Rodriguez Garcia, Alberto"]
[Black "Espinosa Palacios, Victoriano"]
[Result "1-0"]
[WhiteElo "1800"]
[BlackElo "1505"]
[PlyCount "59"]
[EventDate "2015.03.22"]
[EventType "swiss"]
[EventRounds "9"]
[EventCountry "ESP"]
[Source "lmi"]
[SourceDate "2015.03.22"]

1. d4 Nf6 2. c4 g6 3. Nc3 Bg7 4. e4 d6 5. Nf3 O-O 6. Be2 e5 7. d5 Nbd7 8. Bg5
a5 9. h4 h6 10. Be3 Nc5 11. Nd2 Nh7 12. g4 f5 13. gxf5 gxf5 14. Bxc5 dxc5 15.
exf5 Bxf5 16. Bg4 Bxg4 17. Qxg4 Nf6 18. Qg2 Qe7 19. O-O-O Nh5 20. Nde4 Nf4 21.
Qg4 h5 22. Qg3 Ra6 23. Qe3 Kh8 24. Qxc5 Qd7 25. Rhg1 Bh6 26. Ng5 b6 27. Qe3 Qf5
28. d6 c6 29. d7 Ne6 30. Nf7+ 1-0

[Event "24. Torneo San Viator"]
[Site "Madrid ESP"]
[Date "2015.03.22"]
[Round "1.27"]
[White "Caravantes Camacho, Fernando"]
[Black "Moreno Sanchez, Guillermo"]
[Result "1-0"]
[WhiteElo "1502"]
[BlackElo "1626"]
[PlyCount "91"]
[EventDate "2015.03.22"]
[EventType "swiss"]
[EventRounds "9"]
[EventCountry "ESP"]
[Source "lmi"]
[SourceDate "2015.03.22"]

1. e4 c5 2. Nf3 d6 3. d4 cxd4 4. Nxd4 Nf6 5. Nc3 a6 6. a4 g6 7. Be2 Bg7 8. Be3
O-O 9. O-O Qc7 10. f4 e6 11. h3 Nc6 12. Qd2 Bd7 13. Rad1 Rad8 14. Bf3 Be8 15.
Qf2 Nd7 16. Nxc6 bxc6 17. Bd4 Bxd4 18. Qxd4 Qb6 19. b4 f6 20. a5 Qxd4+ 21. Rxd4
Nb8 22. Rfd1 d5 23. exd5 exd5 24. Ne4 Rd7 25. Nc5 Re7 26. Kf2 Bf7 27. R1d2 Rfe8
28. Be2 Ra7 29. c4 Kg7 30. cxd5 Bxd5 31. Bc4 Bxc4 32. Rxc4 Rae7 33. Rcd4 Kf7
34. Nd7 Nxd7 35. Rxd7 Kf8 36. R2d6 Rxd7 37. Rxd7 Re4 38. Rxh7 Rxf4+ 39. Ke3
Rxb4 40. Rc7 Rc4 41. Ra7 Ra4 42. Rxa6 Ke7 43. Ra8 Kd6 44. a6 Kd7 45. a7 c5 46.
Rg8 1-0

[Event "24. Torneo San Viator"]
[Site "Madrid ESP"]
[Date "2015.03.22"]
[Round "1.28"]
[White "Blasco Gallardo, Francisco"]
[Black "Hidalgo Prado, David"]
[Result "1/2-1/2"]
[WhiteElo "1618"]
[BlackElo "1499"]
[PlyCount "101"]
[EventDate "2015.03.22"]
[EventType "swiss"]
[EventRounds "9"]
[EventCountry "ESP"]
[Source "lmi"]
[SourceDate "2015.03.22"]

1. d4 d5 2. Nf3 e6 3. Bf4 Nf6 4. e3 Nbd7 5. Bd3 c5 6. c3 Qb6 7. Qc1 Be7 8. h3
O-O 9. Nbd2 Ne8 10. Ng5 Nef6 11. Qb1 h6 12. Ngf3 cxd4 13. exd4 Qd8 14. O-O a6
15. a4 a5 16. Re1 b6 17. Ne5 Nxe5 18. dxe5 Nd7 19. Nf3 Nc5 20. Bh7+ Kh8 21. Bc2
Bd7 22. Qc1 g5 23. Bg3 Rg8 24. Nh2 Qf8 25. Qd1 f5 26. exf6 Bxf6 27. Ng4 Bg7 28.
Ne5 Be8 29. Re3 Nd7 30. Nxd7 Bxd7 31. Rf3 Qe7 32. Qd3 Bf8 33. Re1 Rg7 34. Be5
Kg8 35. Bxg7 Qxg7 36. Rf6 Kh8 37. Qd4 Bc5 38. Rxh6+ Kg8 39. Qxg7+ Kxg7 40. Rg6+
Kf7 41. Rxg5 Rd8 42. Kf1 d4 43. cxd4 Bxd4 44. Rb5 Bxb5+ 45. axb5 Bxb2 46. Rd1
Rxd1+ 47. Bxd1 e5 48. Ke2 Kf6 49. Bc2 Kg5 50. g3 Bd4 51. f3 1/2-1/2

[Event "24. Torneo San Viator"]
[Site "Madrid ESP"]
[Date "2015.03.22"]
[Round "1.29"]
[White "Lopez Mijail, Nicolas"]
[Black "Martin Almenara, Alejandro"]
[Result "1-0"]
[WhiteElo "1483"]
[BlackElo "1616"]
[PlyCount "61"]
[EventDate "2015.03.22"]
[EventType "swiss"]
[EventRounds "9"]
[EventCountry "ESP"]
[Source "lmi"]
[SourceDate "2015.03.22"]

1. e4 c5 2. Nf3 d6 3. d4 cxd4 4. Nxd4 Nf6 5. Nc3 a6 6. Be3 e6 7. f3 Nbd7 8. g4
b5 9. g5 Nh5 10. f4 g6 11. f5 exf5 12. exf5 Qe7 13. Qf3 Bb7 14. Qxb7 Qxe3+ 15.
Nde2 Rb8 16. Qc6 Qb6 17. Qe4+ Ne5 18. f6 Kd7 19. Bh3+ Kd8 20. O-O-O Nc4 21. Nd4
Ne5 22. Rhe1 Qb7 23. Nd5 h6 24. Nf3 hxg5 25. Nxe5 Nxf6 26. Nxf6 Qxe4 27. Rxe4
Kc7 28. Ned7 Rd8 29. Nxf8 Rdxf8 30. Re7+ Kc6 31. Bg2+ 1-0

[Event "24. Torneo San Viator"]
[Site "Madrid ESP"]
[Date "2015.03.22"]
[Round "1.30"]
[White "Sierra Bermejo, Gregorio"]
[Black "Centeno Mateos, Domingo"]
[Result "1-0"]
[WhiteElo "1605"]
[BlackElo "1483"]
[PlyCount "70"]
[EventDate "2015.03.22"]
[EventType "swiss"]
[EventRounds "9"]
[EventCountry "ESP"]
[Source "lmi"]
[SourceDate "2015.03.22"]

1. e4 c5 2. Nf3 d6 3. d4 cxd4 4. Nxd4 Nf6 5. Nc3 a6 6. Be3 Nc6 7. Nf3 e6 8. Be2
Be7 9. Qd2 O-O 10. O-O b5 11. a3 Bb7 12. Ne1 Qc7 13. f4 Rad8 14. Bf3 Nd7 15.
Nd3 Nb6 16. b3 Bf6 17. Rad1 e5 18. Ne2 d5 19. fxe5 Nxe5 20. Qa5 Nxf3+ 21. gxf3
d4 22. Bf4 Qc6 23. Nb4 Qc5 24. Rd3 Bg5 25. Bxg5 Qxg5+ 26. Kh1 Qf6 27. Ng3 Nd7
28. Qc7 Ba8 29. Nf5 Ne5 30. Ne7+ Kh8 31. Nbd5 Bxd5 32. Nxd5 Rxd5 33. exd5 Nxd3
34. cxd3 Rd8 35. Qc6 Rd6 1-0

[Event "24. Torneo San Viator"]
[Site "Madrid ESP"]
[Date "2015.03.22"]
[Round "1.31"]
[White "Perez Puebla, David"]
[Black "Castro Uceda, Jose Antonio"]
[Result "0-1"]
[WhiteElo "1479"]
[BlackElo "1604"]
[PlyCount "88"]
[EventDate "2015.03.22"]
[EventType "swiss"]
[EventRounds "9"]
[EventCountry "ESP"]
[Source "lmi"]
[SourceDate "2015.03.22"]

1. e4 c5 2. Nf3 d6 3. Bc4 e6 4. a3 d5 5. exd5 exd5 6. Be2 Nc6 7. O-O Nf6 8. d4
c4 9. Re1 Be7 10. c3 O-O 11. Qc2 Ne4 12. Nbd2 Bf5 13. Nxe4 Bxe4 14. Qd1 Bf6 15.
Bf4 Re8 16. Nd2 Bg6 17. Bf3 Rxe1+ 18. Qxe1 Qd7 19. Qd1 Re8 20. Nf1 Na5 21. Ne3
Be4 22. Bg4 Qb5 23. Qd2 Nb3 24. Qd1 Nxa1 25. Qxa1 h6 26. Bf5 Bxf5 27. Nxf5 Re2
28. Bxh6 Qxb2 29. Qf1 gxh6 30. Nxh6+ Kf8 31. Ng4 Ke7 32. Ne3 Ke6 33. g3 Rxe3
34. Qh3+ Ke7 35. fxe3 Qxc3 36. Qh6 Qxa3 37. Qf4 Qd6 38. Qf5 Qe6 39. Qf4 Kd7 40.
g4 c3 41. g5 Bg7 42. Qf2 Ke7 43. Kf1 Qe4 44. Qa2 Qh1+ 0-1

[Event "24. Torneo San Viator"]
[Site "Madrid ESP"]
[Date "2015.03.22"]
[Round "1.32"]
[White "Dominguez Afonso, Ayraldo"]
[Black "Martin Rodriguez, Jose Luis"]
[Result "1/2-1/2"]
[WhiteElo "1604"]
[BlackElo "1467"]
[PlyCount "116"]
[EventDate "2015.03.22"]
[EventType "swiss"]
[EventRounds "9"]
[EventCountry "ESP"]
[Source "lmi"]
[SourceDate "2015.03.22"]

1. e4 e6 2. d4 d5 3. e5 c5 4. c3 Nc6 5. Nf3 Qb6 6. a3 c4 7. Nbd2 Na5 8. Be2 Bd7
9. O-O Be7 10. Re1 h5 11. Nf1 Nb3 12. Rb1 Nxc1 13. Qxc1 h4 14. h3 Nh6 15. Bd1
O-O-O 16. b3 Qc7 17. bxc4 dxc4 18. Ne3 g5 19. Nd2 b5 20. Bf3 Bc6 21. Qb2 Bxf3
22. Nxf3 a6 23. Red1 Rhg8 24. d5 exd5 25. Nxd5 Qc5 26. Nxe7+ Qxe7 27. Qb4 Qxb4
28. axb4 Rxd1+ 29. Rxd1 Rd8 30. Rd4 Rxd4 31. Nxd4 Kb7 32. Kf1 Kb6 33. Ke2 a5
34. bxa5+ Kxa5 35. Kd2 Ka4 36. Nc6 Nf5 37. Nd8 b4 38. cxb4 Kxb4 39. Nxf7 Kb3
40. Nd6 Nd4 41. Ne4 Ne6 42. g3 Kb2 43. gxh4 gxh4 44. Ke3 c3 45. Nxc3 Kxc3 46.
f4 Ng7 47. Ke4 Kc4 48. f5 Kc5 49. f6 Ne6 50. Kf5 Kd5 51. f7 Nf8 52. Kf6 Nd7+
53. Kf5 Nf8 54. Kf6 Nd7+ 55. Kf5 Nf8 56. Kg5 Kxe5 57. Kxh4 Kf6 58. Kh5 Kxf7
1/2-1/2

[Event "24. Torneo San Viator"]
[Site "Madrid ESP"]
[Date "2015.03.22"]
[Round "1.33"]
[White "Ramos Barbancho, Jose Manuel"]
[Black "Mateos Cordero, Francisco"]
[Result "0-1"]
[WhiteElo "1455"]
[BlackElo "1596"]
[PlyCount "100"]
[EventDate "2015.03.22"]
[EventType "swiss"]
[EventRounds "9"]
[EventCountry "ESP"]
[Source "lmi"]
[SourceDate "2015.03.22"]

1. e4 c5 2. Nf3 d6 3. h3 Nc6 4. Bb5 Bd7 5. O-O g6 6. c3 Bg7 7. Qb3 Qc7 8. Ng5
e6 9. Re1 Nge7 10. Bf1 O-O 11. d3 b5 12. Be3 Ne5 13. d4 cxd4 14. Bxd4 N7c6 15.
Nd2 Nxd4 16. cxd4 Qa5 17. dxe5 Qxd2 18. Nf3 Qf4 19. exd6 Qxd6 20. Rad1 Qc7 21.
e5 Qb7 22. Rd3 Bc6 23. Qd1 Bxf3 24. Qxf3 Qxf3 25. Rxf3 Rfd8 26. Bxb5 Rab8 27.
Rb3 Rd5 28. Bc4 Rxb3 29. Bxd5 Rxb2 30. Bb3 Bf8 31. Kf1 Bb4 32. Rd1 Bc5 33. f3
Rf2+ 34. Ke1 Rxg2 35. Rd8+ Kg7 36. Rd7 Rf2 37. Bxe6 Rxf3 38. Bxf7 Rxf7 39. e6
Rxd7 40. exd7 Bb6 41. Ke2 Kf7 42. Kf3 Ke7 43. Kg4 h6 44. h4 Kxd7 45. h5 gxh5+
46. Kxh5 Be3 47. Kg4 Kc6 48. Kf3 Bg5 49. Ke4 Kb5 50. Kd4 Ka4 0-1

[Event "24. Torneo San Viator"]
[Site "Madrid ESP"]
[Date "2015.03.22"]
[Round "1.34"]
[White "Mosteiro Montoro, Alvaro"]
[Black "Benitez Robles, Antonio"]
[Result "1-0"]
[WhiteElo "1591"]
[BlackElo "1453"]
[PlyCount "131"]
[EventDate "2015.03.22"]
[EventType "swiss"]
[EventRounds "9"]
[EventCountry "ESP"]
[Source "lmi"]
[SourceDate "2015.03.22"]

1. d4 d5 2. c4 c6 3. Nc3 Nf6 4. Nf3 Nbd7 5. e3 Qc7 6. cxd5 cxd5 7. Bd3 a6 8.
O-O e6 9. a3 Be7 10. Bd2 O-O 11. Rc1 Qd8 12. b4 b5 13. e4 dxe4 14. Nxe4 Bb7 15.
Re1 Nxe4 16. Bxe4 Bxe4 17. Rxe4 Nf6 18. Re1 Qd5 19. Re5 Qd7 20. Bg5 Ng4 21. Re4
f5 22. Re2 Bd6 23. h3 Nf6 24. Bxf6 Rxf6 25. Rec2 Bf4 26. Ne5 Qe8 27. Rb1 Rd8
28. Nc6 Rd7 29. Qf3 Bd6 30. Rbc1 Rh6 31. Ne5 Bxe5 32. dxe5 Qg6 33. Rc8+ Kf7 34.
Kh2 Qh5 35. Qc6 Re7 36. Rc7 Qg5 37. Rxe7+ Qxe7 38. Qc7 Qxc7 39. Rxc7+ Kg6 40.
Rc6 Rh5 41. Rxe6+ Kf7 42. Rxa6 f4 43. Ra7+ Kg6 44. e6 Re5 45. Rf7 Re4 46. Rb7
Re5 47. e7 Kf7 48. e8=Q+ Kxe8 49. Rxg7 Re2 50. Rxh7 Rxf2 51. Rh5 f3 52. Kg3 Ra2
53. Kxf3 Rxa3+ 54. Kf4 Ra2 55. g4 Ra3 56. h4 Rh3 57. Re5+ Kf7 58. h5 Kg7 59.
Rxb5 Kh6 60. Rb6+ Kh7 61. b5 Rb3 62. g5 Rc3 63. Rc6 Rd3 64. Ke4 Rd7 65. b6 Rb7
66. Rc7+ 1-0

[Event "24. Torneo San Viator"]
[Site "Madrid ESP"]
[Date "2015.03.22"]
[Round "1.35"]
[White "Del Noval Perez, Jeronimo"]
[Black "Salgado Duarte, Pablo"]
[Result "1-0"]
[WhiteElo "1435"]
[BlackElo "1591"]
[PlyCount "71"]
[EventDate "2015.03.22"]
[EventType "swiss"]
[EventRounds "9"]
[EventCountry "ESP"]
[Source "lmi"]
[SourceDate "2015.03.22"]

1. e4 e5 2. Nf3 Nc6 3. Bb5 d6 4. O-O Bd7 5. c3 Nf6 6. Re1 Be7 7. d4 exd4 8.
cxd4 O-O 9. Nc3 Bg4 10. Be3 a6 11. Ba4 b5 12. Bc2 b4 13. Nd5 Nxd5 14. exd5 Na5
15. Qd3 g6 16. Bd2 Bf5 17. Qe3 Bxc2 18. Qxe7 c5 19. Rac1 Bf5 20. dxc5 Rc8 21.
Bxb4 Nb7 22. c6 Nc5 23. Bxc5 dxc5 24. Qxd8 Rfxd8 25. Rxc5 Kf8 26. Ne5 f6 27.
Nc4 Re8 28. Rxe8+ Rxe8 29. f3 Bd3 30. c7 Bf5 31. Nd6 Bc8 32. Nxe8 Kxe8 33. b4
Kd7 34. a4 Kd6 35. Rc6+ Kxd5 36. Rxf6 1-0

[Event "24. Torneo San Viator"]
[Site "Madrid ESP"]
[Date "2015.03.22"]
[Round "1.36"]
[White "Perez Gonzalez, Manuel"]
[Black "Rojo Jorge, Luis"]
[Result "1/2-1/2"]
[WhiteElo "1582"]
[BlackElo "1433"]
[PlyCount "61"]
[EventDate "2015.03.22"]
[EventType "swiss"]
[EventRounds "9"]
[EventCountry "ESP"]
[Source "lmi"]
[SourceDate "2015.03.22"]

1. e4 c5 2. Nc3 d6 3. g3 Nf6 4. Bg2 g6 5. f4 Bg7 6. Nf3 O-O 7. O-O Nc6 8. d3
Bg4 9. h3 Bd7 10. Be3 Qb6 11. Rb1 Ne8 12. Qd2 Nd4 13. Bxd4 Bxd4+ 14. Nxd4 cxd4
15. Nd5 Qd8 16. f5 e6 17. fxe6 Bxe6 18. b3 Bxd5 19. exd5 Rc8 20. Rbc1 Qe7 21.
Rfe1 Qf6 22. Qb4 b6 23. Re4 Qg5 24. Rf4 Qxg3 25. Qxd4 Qg5 26. c4 Ng7 27. Re1
Qg3 28. Qe3 Qg5 29. Re4 Qxe3+ 30. R4xe3 Rfe8 31. Kf2 1/2-1/2

[Event "24. Torneo San Viator"]
[Site "Madrid ESP"]
[Date "2015.03.22"]
[Round "1.37"]
[White "Bermejo Jimenez, Adolfo"]
[Black "Jimenez Gallego, Rafael"]
[Result "1/2-1/2"]
[WhiteElo "1419"]
[BlackElo "1544"]
[PlyCount "35"]
[EventDate "2015.03.22"]
[EventType "swiss"]
[EventRounds "9"]
[EventCountry "ESP"]
[Source "lmi"]
[SourceDate "2015.03.22"]

1. e4 e5 2. Nf3 d6 3. d4 exd4 4. Nxd4 Bd7 5. Bc4 Be7 6. O-O Nf6 7. Nc3 O-O 8.
Re1 Nc6 9. Be3 a6 10. a3 Nxd4 11. Bxd4 Bc6 12. f3 h6 13. Qe2 Re8 14. Qf2 d5 15.
exd5 Nxd5 16. Nxd5 Bxd5 17. Bxd5 Qxd5 18. Re5 1/2-1/2

[Event "24. Torneo San Viator"]
[Site "Madrid ESP"]
[Date "2015.03.22"]
[Round "1.38"]
[White "Insua Rodriguez, Antonio"]
[Black "Vicioso Barbadillo, Juan J"]
[Result "1-0"]
[WhiteElo "1415"]
[BlackElo "1169"]
[PlyCount "47"]
[EventDate "2015.03.22"]
[EventType "swiss"]
[EventRounds "9"]
[EventCountry "ESP"]
[Source "lmi"]
[SourceDate "2015.03.22"]

1. c4 c5 2. Nf3 Nf6 3. d4 b6 4. d5 d6 5. Nc3 g6 6. Bg5 Bg7 7. Qd2 Nbd7 8. Bh6
Bxh6 9. Qxh6 Ng8 10. Qg7 Nf8 11. Qxh8 Bg4 12. Qxg8 Bxf3 13. gxf3 Qc7 14. Bh3
Qb7 15. e4 Qa6 16. b3 Qa5 17. Rc1 Qa3 18. O-O a5 19. Nb5 Qxa2 20. Nc7+ Kd8 21.
Nxa8 Ke8 22. Nc7+ Kd8 23. Qxf8+ Kxc7 24. Qc8# 1-0

[Event "24. Torneo San Viator"]
[Site "Madrid ESP"]
[Date "2015.03.22"]
[Round "1.39"]
[White "Ingunza Curro, Alvaro"]
[Black "Aranda Perez, Ivan"]
[Result "0-1"]
[WhiteElo "1150"]
[BlackElo "1413"]
[PlyCount "82"]
[EventDate "2015.03.22"]
[EventType "swiss"]
[EventRounds "9"]
[EventCountry "ESP"]
[Source "lmi"]
[SourceDate "2015.03.22"]

1. d4 d6 2. Nf3 g6 3. Bf4 Bg7 4. e3 Nf6 5. Be2 O-O 6. O-O Nh5 7. h3 Nxf4 8.
exf4 Nc6 9. Re1 Bf5 10. Bb5 Nb4 11. c3 Nc2 12. Bd3 Nxe1 13. Bxf5 Nxf3+ 14. Qxf3
gxf5 15. Nd2 c6 16. Re1 d5 17. Qe2 e6 18. Nf3 Re8 19. Nh4 Qxh4 20. g3 Qxh3 21.
Qf1 Qxf1+ 22. Rxf1 Rac8 23. Kg2 c5 24. dxc5 Rxc5 25. Re1 Rd8 26. b3 d4 27. b4
Rxc3 28. Rd1 d3 29. Kf1 d2 30. Ke2 Rcd3 31. f3 Bc3 32. g4 fxg4 33. fxg4 Bxb4
34. f5 exf5 35. gxf5 Rh3 36. Kf2 Rc8 37. Kg2 Ra3 38. Rxd2 Bxd2 39. Kf2 Rcc3 40.
Ke2 Rxa2 41. Kd1 Bg5 0-1

[Event "24. Torneo San Viator"]
[Site "Madrid ESP"]
[Date "2015.03.29"]
[Round "2.1"]
[White "Elissalt Cardenas, Hector"]
[Black "Lozano Freras, Sergio"]
[Result "1-0"]
[WhiteElo "2337"]
[BlackElo "1992"]
[PlyCount "117"]
[EventDate "2015.03.22"]
[EventType "swiss"]
[EventRounds "9"]
[EventCountry "ESP"]
[Source "lmi"]
[SourceDate "2015.03.22"]

1. Nf3 Nf6 2. b4 e6 3. a3 b6 4. g3 Bb7 5. Bg2 Be7 6. Bb2 d6 7. d3 Nbd7 8. Nbd2
c5 9. O-O O-O 10. b5 a6 11. c4 Qc7 12. Qc2 Rfd8 13. a4 axb5 14. axb5 d5 15. e3
h6 16. Bc3 Ne8 17. Qb2 Bf6 18. Rfc1 Bxc3 19. Rxc3 Rxa1+ 20. Qxa1 Ra8 21. Ra3
Qb8 22. Ne1 Rxa3 23. Qxa3 Nd6 24. Qa1 dxc4 25. dxc4 Bxg2 26. Kxg2 Nb7 27. Nd3
Na5 28. f3 Qd8 29. Qc3 Qg5 30. f4 Qg4 31. Nf2 Qe2 32. Qd3 Qxd3 33. Nxd3 f6 34.
g4 g5 35. Kg3 Kf7 36. h4 gxh4+ 37. Kxh4 Kg6 38. e4 f5 39. gxf5+ exf5 40. e5 Nf8
41. Nb2 Ne6 42. Kg3 Nd4 43. Na4 Ne2+ 44. Kf3 Nd4+ 45. Kf2 Ne6 46. Kg3 h5 47.
Nxb6 h4+ 48. Kxh4 Nxf4 49. Nd5 Ne6 50. Ne7+ Kf7 51. Nxf5 Nd8 52. Kg4 Ke6 53.
Kf4 Kd7 54. Ng7 Ke7 55. Ke4 Kf7 56. Nh5 Nab7 57. Nf4 Ne6 58. Nxe6 Kxe6 59. Nb3
1-0

[Event "24. Torneo San Viator"]
[Site "Madrid ESP"]
[Date "2015.03.29"]
[Round "2.2"]
[White "Julian Serra, Rogelio"]
[Black "Fernandez Lledo, Javier"]
[Result "1/2-1/2"]
[WhiteElo "1984"]
[BlackElo "2256"]
[PlyCount "131"]
[EventDate "2015.03.22"]
[EventType "swiss"]
[EventRounds "9"]
[EventCountry "ESP"]
[Source "lmi"]
[SourceDate "2015.03.22"]

1. c4 Nf6 2. g3 g6 3. Bg2 Bg7 4. Nf3 O-O 5. O-O d6 6. Nc3 Nc6 7. d3 d5 8. cxd5
Nxd5 9. Bd2 h6 10. Nxd5 Qxd5 11. Bc3 Qh5 12. Bxg7 Kxg7 13. Qb3 Rb8 14. Rac1 Bg4
15. Rc4 Qf5 16. Qc3+ Kg8 17. b4 e5 18. b5 Bxf3 19. bxc6 Bxg2 20. Kxg2 b6 21.
Qa3 e4 22. dxe4 Qe6 23. Rfc1 a5 24. Qe3 h5 25. f4 b5 26. f5 gxf5 27. Rc5 Rfe8
28. Qg5+ Qg6 29. Rxf5 Rxe4 30. Qxh5 Qxh5 31. Rxh5 Rxe2+ 32. Kf3 Rxa2 33. Rcc5
Ra3+ 34. Kf4 Ra4+ 35. Kf5 Rc4 36. Rg5+ Kf8 37. Rxc4 bxc4 38. Ke4 Ra8 39. Rc5 a4
40. Rxc4 Ke7 41. Rc2 a3 42. Ra2 Kd6 43. h4 Ra4+ 44. Kf5 Kxc6 45. h5 Kb5 46. h6
Kb4 47. h7 Ra8 48. Rf2 Rh8 49. Rf4+ Kb5 50. Rf3 c5 51. Rxa3 c4 52. g4 Rxh7 53.
Ra8 Kb4 54. g5 Rh1 55. Ra7 c3 56. Rb7+ Ka3 57. Ra7+ Kb4 58. Rb7+ Kc4 59. Rc7+
Kd3 60. Rd7+ Ke3 61. Re7+ Kd2 62. Rd7+ Kc1 63. Rxf7 c2 64. Rc7 Rf1+ 65. Ke6 Rf3
66. g6 1/2-1/2

[Event "24. Torneo San Viator"]
[Site "Madrid ESP"]
[Date "2015.03.29"]
[Round "2.3"]
[White "Cervino Rossel, Cristobal"]
[Black "Garcia Galeote, Lorenzo"]
[Result "1/2-1/2"]
[WhiteElo "2102"]
[BlackElo "1961"]
[PlyCount "64"]
[EventDate "2015.03.22"]
[EventType "swiss"]
[EventRounds "9"]
[EventCountry "ESP"]
[Source "lmi"]
[SourceDate "2015.03.22"]

1. d4 Nf6 2. Nf3 g6 3. Nbd2 Bg7 4. e4 d6 5. b3 c5 6. Bb2 O-O 7. Bd3 Nh5 8. O-O
Nc6 9. c3 cxd4 10. cxd4 Nf4 11. Bc2 b5 12. e5 Nb4 13. Be4 d5 14. Bb1 Bg4 15. h3
Bf5 16. Bxf5 gxf5 17. g3 Ng6 18. Qe2 Qd7 19. Ba3 Nc2 20. Bc5 Nxa1 21. Rxa1 Rfc8
22. Re1 Nf8 23. Ng5 h6 24. Ngf3 Ne6 25. b4 a5 26. Nb3 axb4 27. Bxb4 Rc4 28. a3
Rac8 29. Qd3 f4 30. g4 R4c7 31. Kg2 Qc6 32. Nfd2 Ng5 1/2-1/2

[Event "24. Torneo San Viator"]
[Site "Madrid ESP"]
[Date "2015.03.29"]
[Round "2.4"]
[White "Navarro Moreno, Juan Carlos"]
[Black "Unciti Juan, Javier"]
[Result "0-1"]
[WhiteElo "1970"]
[BlackElo "2096"]
[PlyCount "80"]
[EventDate "2015.03.22"]
[EventType "swiss"]
[EventRounds "9"]
[EventCountry "ESP"]
[Source "lmi"]
[SourceDate "2015.03.22"]

1. c4 e6 2. Nc3 c5 3. Nf3 d5 4. cxd5 exd5 5. d4 Nc6 6. e3 Nf6 7. h3 Be7 8. Bb5
a6 9. Bxc6+ bxc6 10. Qa4 Bd7 11. Ne5 Qc7 12. O-O O-O 13. Nxd7 Qxd7 14. dxc5
Bxc5 15. Rd1 Qe6 16. Qc2 Ba7 17. b3 Rfe8 18. Bb2 c5 19. Ne2 d4 20. Nf4 Qe5 21.
Nd3 Qd6 22. Ne1 Rad8 23. Rd3 Nd5 24. a3 dxe3 25. fxe3 Rxe3 26. Rxe3 Nxe3 27.
Qe4 c4 28. Kh1 cxb3 29. Be5 Qd5 30. Qxd5 Rxd5 31. Bf4 Nc2 32. Rc1 g5 33. Nxc2
bxc2 34. Bxg5 Rxg5 35. Rxc2 Rg3 36. Rc7 Bd4 37. Rc4 Be5 38. Ra4 Rc3 39. Kg1 Bg3
40. Kf1 Re3 0-1

[Event "24. Torneo San Viator"]
[Site "Madrid ESP"]
[Date "2015.03.29"]
[Round "2.5"]
[White "Aguado Solana, Juan"]
[Black "Cano Mercado, Francisco Manuel"]
[Result "0-1"]
[WhiteElo "2090"]
[BlackElo "1873"]
[PlyCount "50"]
[EventDate "2015.03.22"]
[EventType "swiss"]
[EventRounds "9"]
[EventCountry "ESP"]
[Source "lmi"]
[SourceDate "2015.03.22"]

1. d4 Nf6 2. c4 e6 3. Nf3 d5 4. cxd5 exd5 5. Nc3 Be7 6. Bg5 c6 7. e3 O-O 8. Bd3
h6 9. Bxf6 Bxf6 10. Qc2 Re8 11. O-O Bg4 12. b4 Bxf3 13. gxf3 Qd6 14. b5 a6 15.
a4 axb5 16. axb5 Nd7 17. Qb3 Be7 18. Bf5 Nf8 19. Ne2 Qf6 20. Bh3 Qxf3 21. Ng3
Ng6 22. Rxa8 Rxa8 23. bxc6 Nf4 24. exf4 Qxb3 25. c7 Qc4 0-1

[Event "24. Torneo San Viator"]
[Site "Madrid ESP"]
[Date "2015.03.29"]
[Round "2.6"]
[White "Mazo Fernandez, Roberto"]
[Black "Fernandez Gil, Ruben Carlos"]
[Result "1/2-1/2"]
[WhiteElo "1966"]
[BlackElo "2079"]
[PlyCount "79"]
[EventDate "2015.03.22"]
[EventType "swiss"]
[EventRounds "9"]
[EventCountry "ESP"]
[Source "lmi"]
[SourceDate "2015.03.22"]

1. d4 c5 2. d5 f5 3. c4 Nf6 4. Nc3 g6 5. Bf4 d6 6. e3 Bg7 7. Nf3 O-O 8. Bd3 Na6
9. a3 Kh8 10. Qc2 Nc7 11. h3 b5 12. O-O e5 13. dxe6 bxc4 14. Bxc4 Bxe6 15. Bxe6
Nxe6 16. Bh2 Qb6 17. Rfd1 Rfd8 18. Nd5 Nxd5 19. Rxd5 Nc7 20. Rd2 Ne8 21. Ng5
Rd7 22. Ne6 Bf6 23. Nf4 Nc7 24. Rad1 Rad8 25. Nd5 Nxd5 26. Rxd5 Qxb2 27. Qa4
Qb6 28. g4 fxg4 29. Qxg4 Kg7 30. h4 Qa6 31. h5 Qxa3 32. hxg6 hxg6 33. Bxd6 Kf7
34. Bxc5 Rxd5 35. Bxa3 Rxd1+ 36. Kg2 R8d5 37. Qc4 Kg7 38. Qb4 Rd8 39. Qb7+ R8d7
40. Qb4 1/2-1/2

[Event "24. Torneo San Viator"]
[Site "Madrid ESP"]
[Date "2015.03.29"]
[Round "2.8"]
[White "Andalon Gomez, Carlos J"]
[Black "San Felipe Gonzalez, Tomas"]
[Result "1-0"]
[WhiteElo "2022"]
[BlackElo "1724"]
[PlyCount "91"]
[EventDate "2015.03.22"]
[EventType "swiss"]
[EventRounds "9"]
[EventCountry "ESP"]
[Source "lmi"]
[SourceDate "2015.03.22"]

1. d4 Nf6 2. c4 g6 3. Nc3 Bg7 4. e4 d6 5. f4 c5 6. d5 O-O 7. Nf3 e6 8. dxe6
Bxe6 9. Bd3 Nc6 10. f5 Bc8 11. O-O Re8 12. Bg5 Qd7 13. Bxf6 Bxf6 14. Nd5 Bxb2
15. Rb1 Bg7 16. f6 Bf8 17. h4 h5 18. Ng5 Ne5 19. Be2 Ng4 20. Bxg4 hxg4 21. Qe1
Re5 22. Qg3 b6 23. Rbd1 Ba6 24. Ne7+ Bxe7 25. Qxe5 Bf8 26. Qc3 Qa4 27. Rc1 Qxa2
28. Rf2 Qa4 29. Qd3 Bb7 30. Re2 Qc6 31. Qg3 b5 32. Qxg4 bxc4 33. h5 Bh6 34. Rf1
Bc8 35. Qg3 Qd7 36. Nxf7 Qxf7 37. hxg6 Qd7 38. f7+ Kf8 39. g7+ Bxg7 40. Qxg7+
Kxg7 41. f8=Q+ Kg6 42. Rf6+ Kg5 43. Rf5+ Kg6 44. Qf6+ Kh7 45. Rh5+ Kg8 46. Rh8#
1-0

[Event "24. Torneo San Viator"]
[Site "Madrid ESP"]
[Date "2015.03.29"]
[Round "2.9"]
[White "Caamano Jimenez, Luis"]
[Black "Iturbide Arnedo, Oscar"]
[Result "0-1"]
[WhiteElo "1756"]
[BlackElo "2113"]
[PlyCount "68"]
[EventDate "2015.03.22"]
[EventType "swiss"]
[EventRounds "9"]
[EventCountry "ESP"]
[Source "lmi"]
[SourceDate "2015.03.22"]

1. Nf3 g6 2. g3 Bg7 3. Bg2 d6 4. c4 e5 5. Nc3 Nc6 6. d3 f5 7. Bg5 Nf6 8. Nd5 h6
9. Bxf6 Bxf6 10. Nxf6+ Qxf6 11. Rb1 O-O 12. Qd2 e4 13. Ng1 g5 14. h4 g4 15. e3
Ne5 16. Bf1 exd3 17. Bxd3 b6 18. Be2 Bb7 19. Rh2 Rad8 20. Qb4 a5 21. Qb3 Kg7
22. Rd1 Be4 23. Bf1 Qe6 24. Qc3 Kh7 25. b3 Rf7 26. Bg2 d5 27. Bxe4 fxe4 28. Qd4
Nd3+ 29. Rxd3 exd3 30. Qxd3+ Qf5 31. Qxf5+ Rxf5 32. f4 gxf3 33. Rf2 dxc4 34.
bxc4 Rd3 0-1